| 000 | 01061nam a2200205 i 4500 | ||
|---|---|---|---|
| 001 | 182395 | ||
| 003 | ES-MaACL | ||
| 005 | 20230906221610.0 | ||
| 008 | 130808s1990 sp |||| | spa d | ||
| 245 | 0 | 0 |
_aEn defensa de Lastanosa / _cNicolás García Tapia, publicado en la Revista de Obras Públicas, junio de 1990, pp. 27-33. Rectificación de la Revista de Obras Públicas, publicada en julio-agosto de 1990, p. 41. Comentarios por Ángel del Campo, José A. García-Diego y Carmen Bernis, publicados en la Revista de Obras Públicas, septiembre de 1990, pp. 37-39. |
| 260 |
_a[S.l. : _bs.n., _c1990] |
||
| 300 |
_aP.27-41 : _bil. ; _c28 cm. |
||
| 595 | _aSeparatas de: Revista de Obras Públicas, junio de 1990 (pp. 27-33), juli-agosto de 1990 (pp. 41) y septiembre de 1990 (pp. 37-39) | ||
| 600 | 1 | 4 |
_aLastanosa, Pedro Juan de. _9149116 |
| 700 | 0 |
_aGarcía Tapia, Nicolás. _955319 |
|
| 700 | 0 |
_aGarcía-Diego, José A. _954541 |
|
| 700 | 1 |
_aBernis, Carmen. _9153201 |
|
| 700 | 1 |
_aCampo y Francés, Angel del. _9151640 |
|
| 852 |
_aES-MaACL _j2323-F-6 |
||
| 999 |
_c182395 _d182395 |
||